| 000 | 00734 a2200205 4500 | ||
|---|---|---|---|
| 010 | _aENG-89617 | ||
| 020 |
_a8190592802 _c350.00 |
||
| 035 | _aEN-73150 | ||
| 037 | _bDBAD / PUB | ||
| 082 | 1 | 4 | _a907.2 |
| 090 |
_c11302 _d11302 |
||
| 100 | 1 | _aSreedharan, E. | |
| 245 | 1 |
_aA manual of historical research methodology/ _cby E. Sreedharan |
|
| 260 |
_aTrivandrum _bThe Centre for South Indian Studies _c2007 |
||
| 270 |
_aKudappanakunnu _bTrivandrum _cIndia _e695043 _mindiastudies@gmail.com |
||
| 300 |
_axiii, 374p. _c23 cm (pbk) |
||
| 500 | _aIncludes bibliographical references & index. | ||
| 942 |
_adpl _cEN _k 907.2/ SRE |
||
| 999 |
_c10996 _d10996 |
||